Tesouros da literatura popular portuguesa (Registo nº 178)

Detalhes MARC
000 -Etiqueta do registo
Cabeçalho 00768nam0a2200241 4500
005 - Identificador da versão
Campo de controlo 20240813121756.0
095 ## -
-- PTBN00487989
021 ## - Número do Depósito Legal
Código do país PT
Número 8470/85
100 ## - Dados gerais de processamento
Dados gerais de processamento 20151030d1985 k y0pory5003 ba
102 ## - Pais de publicação ou produção
País de publicação Portugal
101 0# - Língua de publicação
Língua do texto, banda sonora, etc. Português
215 ## - Descrição física 
Indicação específica da natureza do documento e extensão da espécie 385, [7] p.
Outras indicações físicas il
200 1# - Titulo e menção de responsabilidade
Título próprio Tesouros da literatura popular portuguesa
Primeira menção de responsabilidade antologia organizada por António Manuel Couto Viana
Outras menções de responsabilidade ilustrações de Júlio Gil
210 ## - Publicação, Distribuição, etc. 
Lugar da edição, distribuição, etc. Lisboa
Nome do editor, distribuidor, etc. Verbo
Data da publicação, distribuição, etc. 1985
606 ## - Nome comum usado como assunto
Número de registo de entrada de autoridade 0002334
Palavra de ordem Literatura portuguesa
Subdivisão de assunto Antologias
Código do sistema CA
675 ## - Classificação Decimal Universal (CDU)
Notação 821.134.3-82
Edição 3ª ed.
Língua da edição por
702 #1 - Nome de autor-pessoa física (responsabilidade secundária)
Número de registo de entrada de autoridade 0001172
Palavra de ordem Gil
Outra parte do nome não tomada para palavra de ordem Júlio
Código de função Ilustrador / Técnico de desenho computorizado
Número de registo de entrada de autoridade 0002913
Palavra de ordem Viana
Outra parte do nome não tomada para palavra de ordem António Manuel Couto
Datas 1923-2010
Código de função Compilador
966 ## - Identificação da Biblioteca
Sigla EB2,3ENM
942 ## - Elementos de entrada adicionados (Koha)
Tipo de item no Koha Livro
Exemplares
Situação do levantamento Origin of item (home branch) (coded) Biblioteca de empréstimo Código de barras Cota Circulation type (not for loan) Tipo de documento Nota do exemplar Damaged status
  Biblioteca Escolar Eng. Nuno Mergulhão Biblioteca Escolar Eng. Nuno Mergulhão BENM182 82LP-82 ANT   Livro Sem mensagem